000 00624 a2200205 4500
999 _c7423
_d7423
020 _a9781292095592 (print)
020 _a9781292095639 (pdf)
020 _a9781292169422 (epub)
050 0 0 _aKD829 SMI 2017
100 1 _aSmith, Roger J.
_d1948-
_eauthor.
245 1 0 _aProperty law /
_cRoger J. Smith.
250 _aNinth edition.
264 1 _aNew York :
_bPearson,
_c2017.
300 _a642p.
_bill.
500 _aIncludes index
650 0 _aReal property
650 0 _aProperty Law
942 _2lcc
_cBK
_h829
_iSMI
_kKD